Представление документа в формате MARC21

Поле Инд. ПП Название Значение
Тип записи a
Библиографический уровень a
001 Контрольный номер a05e39d0053d4d418a0c5333c9ac7456
005 Дата корректировки 20180409143712.0
020 a ISBN 978-5-7609-0877-3
040 a Служба первич. каталог. НБ ТвГУ
b Код языка каталог. rus
e Правила каталог. PSBO
041 0_ a Код языка текста rus
097 b Оператор novikova
245 10 a Заглавие Влияние термоциклирования на воспроизводимость температурной зависимости проводимости наноструктурированных пленок SnO2
260 a Место издания Тверь
b Издательство Тверской государственный университет
504 a Библиография Библиогр.: с. 300 (6 назв.)
520 0_ a Аннотация В работе представлены результаты исследования температурной зависимости проводимости наноструктурированных плннок диоксида олова от температуры после обработки в плазме аргона. Показано, что термоциклирование, проведенное после обработки в плазме аргона, возвращает вид температурной зависимости проводимости в исходное состояние.
653 0_ a Ключевые слова Диоксид олова
a Ключевые слова Температурная зависимость проводимости
a Ключевые слова Обработка в плазме
a Ключевые слова Термоциклирование
a Ключевые слова Олово
a Ключевые слова Аргон
a Ключевые слова Плазма
a Ключевые слова Нанопленки
700 12 a Другие авторы Смирнов Андрей Владимирович
q Полное имя Смирнов А. В.
700 12 a Другие авторы Гребенников Александр Иванович
q Полное имя Гребенников А. И.
700 12 a Другие авторы Синев Илья Владимирович
q Полное имя Синев И. В.
700 12 a Другие авторы Симаков Вячеслав Владимирович
q Полное имя Симаков В. В.
773 18 w Контрольный № источника b125ed9d40bf48e5b6496ef88a3be752
t Название источника Физико-химические аспекты изучения кластеров, наноструктур и наноматериалов
d Место и дата издания Тверь : Тверской государственный университет , 2013
g Прочая информация Вып. 5. - С. 296-300
856 40 u URL http://texts.lib.tversu.ru/texts/11847t.pdf
x Примечание для ЭОР Справка УИС 2016
i Дата подключения ЭОР 20170426
x Примечание для ЭОР Реестр суммарного учета сетевых локальных документов
900 a Имя макрообъекта 11847t
901 t Тип документа a
920 a Оператор Нови